Analýza produktu za poistenie zodpovednosti za škodu sprostredkovateľov v podmienkach slovenského poistného trhu diplomová práca

Uložené v:
Podrobná bibliografia
Hlavný autor: Pokorný, Ivan
Korporativný autor: Národohospodárska fakulta EU. Katedra poisťovníctva
Ďalší autori: Drugdová, Barbora
Médium: Kniha
Jazyk:Slovak
Vydavateľské údaje: Bratislava 2010
Tagy: Pridať tag
Žiadne tagy, Buďte prvý, kto otaguje tento záznam!

MARC

LEADER 00000nam$a2200000$$$4500
001 0118413
005 20240318121747.0
041 0 |a slo 
044 |a SK 
245 1 0 |a Analýza produktu za poistenie zodpovednosti za škodu sprostredkovateľov v podmienkach slovenského poistného trhu  |b diplomová práca  |c Ivan Pokorný ; škol. Barbora Drugdová 
264 1 |a Bratislava  |c 2010 
300 |a 74 s. 
100 1 |a Pokorný, Ivan 
700 1 |a Drugdová, Barbora 
710 2 |a Národohospodárska fakulta EU. Katedra poisťovníctva